Study Guide for Use with Auditing Theory and Practice
Guardado en:
| Autor principal: | |
|---|---|
| Otros Autores: | , |
| Formato: | Libro |
| Lenguaje: | inglés |
| Publicado: |
Homewood
Irwin
1989
|
| Edición: | 5. ed. |
| Materias: | |
| Etiquetas: |
Sin Etiquetas, Sea el primero en etiquetar este registro!
|
MARC
| LEADER | 00000nam a2200000 4500 | ||
|---|---|---|---|
| 001 | c006147 | ||
| 005 | 20221215114511.8 | ||
| 020 | |a 0-256-06946-8 | ||
| 041 | 0 | |a eng | |
| 044 | |a US | ||
| 245 | 1 | 0 | |a Study Guide for Use with Auditing Theory and Practice |c Roger H. Hermanson, Jerry R. Strawser, Robert H. Strawser |
| 250 | |a 5. ed. | ||
| 264 | 1 | |a Homewood |b Irwin |c 1989 | |
| 300 | |a 143 s. | ||
| 610 | 2 | 0 | |a audítorstvo |
| 610 | 2 | 0 | |a teória a prax |
| 610 | 2 | 0 | |a kontrola |
| 100 | 1 | |a Hermanson, Roger H. | |
| 700 | 1 | |a Strawser, Jerry R. | |
| 700 | 1 | |a Strawser, Robert H. | |